| 000 | 01115cam a2200313 a 4500 | ||
|---|---|---|---|
| 999 |
_c2047 _d2047 |
||
| 001 | (Sirsi) a821175 | ||
| 003 | OSt | ||
| 005 | 20230302173923.0 | ||
| 008 | 140521s2012 nyua c 000 1 eng d | ||
| 020 | _a9781442449619 (hard) : | ||
| 040 |
_aDLC _beng _cDLC _dDLC _dTAE _dKH8 |
||
| 042 | _anbic | ||
| 082 | 0 | _aFIC RUS | |
| 100 | 1 |
_aRussell, Rachel Renée. _eauthor |
|
| 245 | 1 | 0 |
_aTales from a not-so-smart Miss Know-It-All / _cby Rachel Renée Russell. |
| 250 | _a1st Aladdin hardcover ed. | ||
| 260 |
_aNew York : _bAladdin, _c2012. |
||
| 300 |
_a321 p. : _bill. ; _c21 cm. |
||
| 490 | 1 |
_aDork diaries ; _v5. |
|
| 520 | _aWhen Miss Know-It-All's inbox overflows with pleas for guidance, Nikki Maxwell, the school newspaper advice columnist, turns to her best friends for help. | ||
| 521 | 1 | _a9-12. | |
| 650 | 0 |
_aAdvice columns _vJuvenile fiction. |
|
| 650 | 0 |
_aNewspapers _vJuvenile fiction. |
|
| 650 | 0 |
_aMiddle schools _vJuvenile fiction. |
|
| 650 | 0 |
_aSchools _vJuvenile fiction. |
|
| 650 | 0 |
_aDiaries _vJuvenile fiction. |
|
| 800 | 1 |
_aRussell, Rachel Renee. _tDork diaries ; _v5. |
|
| 942 |
_2ddc _cFIC |
||